000 01458nam a2200265 a 4500
001
003 DO-SdBNP
005 20220204064521.0
008 081218s 2007 dr 000 0 spa d
020 _a9789945410211
040 _aDO-SdBNP
_bspa
_cBPMSU
082 _a972.93053
_bA451u, 2007
_222
100 1 _aAlmoina, José,
_d1903-1960
245 1 0 _aUna satrapía en el Caribe /
_cJosé Almoina.
260 _bLetra Gráfica,
_aSanto Domingo :
_c2007.
300 _a285 p. ;
_c18 cm.
500 _aIncluye ídice
505 0 _tPresentación a la edición dominicana --
_tAclaración importante --
_tDedicatoria --
_tAdvertencia indispensable --
_tLa familia de Trujillo --
_tLa familia de Chapita --
_tLos que rodean al sátrapa: alcahuetes, bufones, lacayos y aduladores --
_tTretas de que se valió el megalomaníaco Trujillo para captar el poder --
_t¿Cómo se sostiene el sátrapa? --
_tLa ferocidad más que neroniana del mulato Chapita --
_tInexistencia de los poderes legislativo y judicial y trasiegos burocráticos --
_tUn régimen monopolista --
_tLa política internacional del tirano --
_tDocumentos y noticias corroborantes --
_tÍndice onomástico.
590 _aInventariado, 2022/VM
600 1 0 _2Trujillo Molina, Rafael Leónidas,
_d1891-1961
651 4 _aRepública Dominicana
_xHistoria
_yEra de Trujillo, 1930-1961
651 4 _aRepública Dominicana
_xPolítica y gobierno
_yEra de Trujillo, 1930-1961
910 _a VMateo V.
942 _2ddc
_cBK
999 _c14010
_d14010